000 00360nam a2200157Ia 4500
003 OSt
005 20240219154340.0
008 170524s9999 xx 000 0 und d
020 _a9781259004612
040 _cIMT UNIVERSITY MEERUT
100 _aBalagurusamy E
245 0 _aProgramming ANSI C
260 _bTMH New Delhi
260 _c2007
942 _2ddc
_c02
999 _c4958
_d4958